Départements de Centre-Val de Loire (Click) - Statistiques

Statistiques générales
  • Ce quiz a été pris 520 fois
  • Le résultat moyen est 4 sur 6
Statistiques - réponses
Hint Réponse % Correct

Eure-et-Loir
76%

Loiret
66%

Cher
63%

Indre
62%

Indre-et-Loire
61%

Loir-et-Cher
58%
Aucun quiz correspondant
Distribution des résultats
% des personnes avec chaque résultat
Percentile par nombre de réponses
Votre historique - résultats
Vous n’avez pas pris ce quiz